Koexistencia IS/IT a TQM habilitačná práca

Salvato in:
Dettagli Bibliografici
Autore principale: Mizla, Martin, 1955-
Ente Autore: Podnikovohospodárska fakulta EU so sídlom v Košiciach. Katedra manažmentu
Natura: Libro
Lingua:slovacco
Pubblicazione: Bratislava 2000
Soggetti:
Tags: Aggiungi Tag
Nessun Tag, puoi essere il primo ad aggiungerne!!

MARC

LEADER 00000nam$a2200000$$$4500
001 0036565
005 20240104091424.4
041 0 |a slo 
044 |a SK 
245 1 0 |a Koexistencia IS/IT a TQM  |b habilitačná práca  |c Martin Mizla 
264 1 |a Bratislava  |c 2000 
300 |a 146 s. 
610 2 0 |a manažerizmus 
610 2 0 |a riadenie kvality 
610 2 0 |a TQM 
610 2 0 |a systémy informačné 
610 2 0 |a technológie informačné 
610 2 0 |a kvalita 
610 2 0 |a modely 
610 2 0 |a štruktúra organizačná 
100 1 |a Mizla, Martin, 1955- 
710 2 |a Podnikovohospodárska fakulta EU so sídlom v Košiciach. Katedra manažmentu